Normal view
MARC view
- Shahzaib Ali Rao Abdul Sami Muhammad Afzal
Entry Personal Name
001 - CONTROL NUMBER
- control field: 122860
003 - CONTROL NUMBER IDENTIFIER
- control field: NUST
005 - DATE AND TIME OF LATEST TRANSACTION
- control field: 20240522172003.0
008 - FIXED-LENGTH DATA ELEMENTS
- fixed length control field: 240522|| aca||aabn | a|a d
040 ## - CATALOGING SOURCE
- Original cataloging agency: NUST
- Transcribing agency: NUST
100 ## - HEADING--PERSONAL NAME
- Personal name: Shahzaib Ali Rao Abdul Sami Muhammad Afzal
670 ## - SOURCE DATA FOUND
- Source citation: Work cat.: (NUST): Shahzaib Ali Rao Abdul Sami Muhammad Afzal, PR-SOF-2322-Doppler Ultrasound Fetal Heart Rate Instrument with AI Interface, 2023.
